000 00552pab a2200193 454500
008 180718b2015 xxu||||| |||| 00| 0 eng d
100 _aMalliick, Mihir Kumar
245 _aAcademic achievement of higher education students: influence of academic procrastination and self-efficacy
260 _c2015
300 _ap.1091-1103.
362 _aOct-Dec
650 _aSelf discipline
650 _aStudents
650 _aHigher education
650 _aAcademic achievement
700 _aSingh, Kahan
773 _aMan in India
909 _a110354
999 _c110349
_d110349